[Event "USA-ch15 prel 09 corr"]
[Site "USA"]
[Date "2000.06.20"]
[Round "?"]
[White "Rodriguez, Keith A"]
[Black "Black, Russell"]
[Result "1-0"]
[WhiteElo "2374"]
[BlackElo "2048"]
[PlyCount "75"]
[EventDate "2000.06.20"]
[EventType "tourn (corr)"]
[EventRounds "12"]
[EventCountry "USA"]
[SourceTitle "Corr 2006"]
[Source "ChessBase"]
[SourceDate "2006.04.01"]
[SourceVersion "3"]
[SourceVersionDate "2006.04.01"]
[SourceQuality "1"]

1. e4 d6 2. d4 Nf6 3. Nc3 c6 4. f4 Qa5 5. Bd3 e5 6. Nf3 Bg4 7. Be3 exf4 8. Bxf4 Qb4 9. a3 Bxf3 10. axb4 Bxd1 11. Kxd1 Be7 12. b5 0-0 13. Re1 Re8 14. bxc6 bxc6 15. e5 dxe5 16. Rxe5 h6 17. h3 Bd6 18. Rxe8+ Nxe8 19. Bxd6 Nxd6 20. Ne4 Nb7 21. Ba6 Nxa6 22. Rxa6 Nd8 23. Nc5 Kf8 24. Nd7+ Ke8 25. Ne5 Rb8 26. b3 f6 27. Nxc6 Nxc6 28. Rxc6 Rb4 29. Rc8+ Kd7 30. Ra8 Rxd4+ 31. Ke2 g6 32. Rxa7+ Ke6 33. c4 h5 34. Ra2 h4 35. Rd2 Rf4 36. Kd3 g5 37. Kc3 f5 38. c5 1-0

[Event "USA-ch15 prel 09 corr"]
[Site "USA"]
[Date "2000.06.20"]
[Round "?"]
[White "Saxe, Barry"]
[Black "Black, Russell"]
[Result "0-1"]
[WhiteElo "2297"]
[BlackElo "2048"]
[PlyCount "76"]
[EventDate "2000.06.20"]
[EventType "tourn (corr)"]
[EventRounds "12"]
[EventCountry "USA"]
[SourceTitle "Corr 2006"]
[Source "ChessBase"]
[SourceDate "2006.04.01"]
[SourceVersion "3"]
[SourceVersionDate "2006.04.01"]
[SourceQuality "1"]

1. Nf3 Nf6 2. c4 c5 3. Nc3 e6 4. g3 Nc6 5. Bg2 d5 6. cxd5 Nxd5 7. 0-0 Be7 8. d4 0-0 9. e4 Nb6 10. d5 exd5 11. exd5 Nb4 12. Ne5 Bf5 13. a3 Nc2 14. Ra2 Nd4 15. b3 Re8 16. f4 Bd6 17. g4 f6 18. Nc4 Nxc4 19. bxc4 Qa5 20. Bd2 Bd3 21. Rf2 Bxc4 22. Rb2 Qa6 23. Ne4 Be2 24. Qa1 Bxg4 25. Nxd6 Qxd6 26. Rxb7 Bc8 27. Rb1 Ba6 28. f5 Re2 29. Bf4 Qd7 30. d6 Rd8 31. Rbf1 Qxf5 32. Bg3 Qe6 33. Kh1 Rxf2 34. Rxf2 Ne2 35. Bh4 Rxd6 36. Rf1 Rd4 37. Bf2 Rg4 38. Bf3 Qb3 0-1